000 00320nam a22001457a 4500
008 221205b ||||| |||| 00| 0 eng d
020 _a9780077496388
041 _aeng
080 _a159.9
082 _a159.9KIN
100 _a24.1
101 _aPSI
245 _aEXPERIENCE PSYCHOLOGY
_cKING. A. L
942 _2udc
_cBK
999 _c59102
_d59102